| Tag |
First Indicator |
Second Indicator |
Subfields |
| LEADER |
00000cem a2200000Ia 4500 |
| 001 |
in00002478821 |
| 005 |
20151111042015.0 |
| 007 |
aj canzn |
| 008 |
780116s1977 vauag a f 0 eng d |
| 034 |
1 |
|
|a a
|b 24000
|d W1112230
|e W1110730
|f N0472250
|g N0472730
|
| 035 |
|
|
|a (OCoLC)ocm03561910
|
| 035 |
|
|
|a (OCoLC)3561910
|
| 040 |
|
|
|a VWM
|c VWM
|d UUM
|d OCL
|d COP
|d OCLCQ
|d OCLCG
|d STF
|d TXA
|d UtOrBLW
|
| 043 |
|
|
|a n-us-mt
|
| 049 |
|
|
|a TXAM
|
| 050 |
1 |
4 |
|a G3701.C5 svar
|b .G4, I-1025
|
| 052 |
|
|
|a 4254
|b G7
|
| 074 |
|
|
|a 0619-G-08
|
| 086 |
0 |
|
|a I 19.91:I-1025
|
| 100 |
1 |
|
|a Lemke, Richard Walter,
|d 1913-
|
| 245 |
1 |
0 |
|a Engineering geology of the city of Great Falls and vicinity, Montana /
|c by Richard W. Lemke and Edwin K. Maughan ; Department of the Interior, United States Geological Survey.
|
| 255 |
|
|
|a Scale 1:24,000
|c (W 111⁰22ʹ30ʺ--W 111⁰07ʹ30ʺ/N 47⁰22ʹ50ʺ--N 47⁰27ʹ30ʺ).
|
| 264 |
|
1 |
|a Reston, Va. :
|b The Survey,
|c 1977.
|
| 300 |
|
|
|a 2 maps on 1 sheet :
|b color ;
|c 41 x 79 cm., sheet 104 x 119 cm., folded in envelope 30 x 24 cm.
|
| 336 |
|
|
|a cartographic image
|b cri
|2 rdacontent
|
| 337 |
|
|
|a unmediated
|b n
|2 rdamedia
|
| 338 |
|
|
|a sheet
|b nb
|2 rdacarrier
|
| 490 |
1 |
|
|a Geological Survey (U.S.), Miscellaneous investigations series ;
|v map I-1025
|
| 500 |
|
|
|a Relief shown by contours and spot heights.
|
| 500 |
|
|
|a "Geology mapped in 1950-53 and 1974-75."
|
| 500 |
|
|
|a Includes text and table.
|
| 505 |
0 |
|
|a Geologic map -- Depth-to-bedrock map.
|
| 500 |
|
|
|a Cartographic material.
|
| 650 |
|
0 |
|a Geology
|z Montana
|z Great Falls
|v Maps.
|
| 650 |
|
0 |
|a Geology, Structural.
|
| 700 |
1 |
|
|a Maughan, Edwin K.,
|d 1926-1995.
|
| 710 |
2 |
|
|a Geological Survey (U.S.)
|
| 830 |
|
0 |
|a Miscellaneous investigations series (Geological Survey (U.S.)) ;
|v Map I-1025.
|
| 994 |
|
|
|a C0
|b TXA
|
| 948 |
|
|
|a cataloged
|b h
|c 2009/07/10
|e mansari
|f 11:51:02 am
|
| 999 |
|
|
|a MARS
|
| 999 |
f |
f |
|s 480cf138-ddf0-3328-97b2-c1024831f12b
|i 27d90969-3e7a-33da-bde7-4bce899f1d35
|t 0
|
| 952 |
f |
f |
|p normal
|a Texas A&M University
|b College Station
|c Sterling C. Evans Library
|d Evans: Maps File (2nd floor)
|t 0
|e I 19.91:I-1025
|h Superintendent of Documents classification
|i unmediated -- sheet
|m A14838722837
|
| 998 |
f |
f |
|a I 19.91:I-1025
|t 0
|l Evans: Maps File (2nd floor)
|